16 cuentos latinoamericanos: antología para jóvenes
Uloženo v:
| Hlavní autor: | |
|---|---|
| Další autoři: | , , , , , , , , , , , , , , , |
| Médium: | Kniha |
| Jazyk: | španělština |
| Vydáno: |
Santiago
Coedición Latinoamericana
2008
|
| Vydání: | 1a. ed |
| Témata: | |
| Tagy: |
Přidat tag
Žádné tagy, Buďte první, kdo vytvoří štítek k tomuto záznamu!
|
MARC
| LEADER | 00000cam a2200000 a 4500 | ||
|---|---|---|---|
| 001 | UCH8995 | ||
| 003 | CL-VaPUC | ||
| 005 | 20250312124214.0 | ||
| 008 | 091217e20080000CL |||||||||||||||||spa|d | ||
| 999 | |c 339074 |d 339072 | ||
| 020 | |a 9789560000521 | ||
| 040 | |c Pontificia Universidad Católica de Valparaíso | ||
| 082 | 0 | 4 | |a 863 |b MUÑ |2 21 |
| 100 | |a Muñoz de Coronado, Martha |e autora |9 545801 | ||
| 245 | 1 | 0 | |a 16 cuentos latinoamericanos: antología para jóvenes |
| 250 | |a 1a. ed | ||
| 260 | |a Santiago |b Coedición Latinoamericana |c 2008 | ||
| 300 | |a 221 p | ||
| 500 | |a La juventud habla a la juventud: asi podría describirse esta fascinante antología latinoamericana del cuento que incluye lo mejor de la narrativa breve contemporánea de la región | ||
| 583 | |a last modification |c 20130624 11:32:25 |k Rodrigo Vera | ||
| 650 | 0 | |a Cuentos hispanoamericanos |9 312389 | |
| 650 | 0 | |a Literatura juvenil |9 309909 | |
| 650 | 0 | |a Cuentos juveniles |9 542856 | |
| 650 | 0 | |a Literatura contemporánea |9 321959 | |
| 700 | |a Cortázar, Julio, |d 1914-1984 |e autor |9 347319 | ||
| 700 | |a García Márquez, Gabriel |e autor |9 318478 | ||
| 700 | |a Rubião, Murilo |e autor |9 870315 | ||
| 700 | |a Risco, René del |e autor |9 870316 | ||
| 700 | |a Ramírez, Sergio |e autor |9 700700 | ||
| 700 | |a Cerruto, Óscar |e autor |9 534961 | ||
| 700 | |a Massiani, Francisco |e autor |9 870317 | ||
| 700 | |a Egüez, Iván |e autor |9 870318 | ||
| 700 | |a Monterroso, Augusto |e autor |9 870319 | ||
| 700 | |a Skármeta, Antonio |e autor |9 518251 | ||
| 700 | |a Benedetti, Mario |e autor |9 518246 | ||
| 700 | |a Soto, Rodrigo |e autor |9 870320 | ||
| 700 | |a García Ramis, Magali |e autora |9 870321 | ||
| 700 | |a Pacheco, José Emilio |e autor |9 420345 | ||
| 700 | |a Paz, Senel |e autor |9 870322 | ||
| 700 | |a Bryce Echenique, Alfredo |e autor |9 518252 | ||
| 942 | |c BK |2 ddc | ||
| 945 | |d 20091217 00:00:00 |a cmena | ||
| 952 | |0 0 |1 0 |4 0 |6 863_000000000000000_MUÑ_2008 |7 0 |8 C |9 432463 |a BIBCUR |b BIBCUR |d 2019-11-22 |i 4602471 |o 863 MUÑ 2008 |p 4602471 |r 2025-04-22 |w 2019-11-22 |y BK |k CAC | ||